Представление документа в формате MARC21

Поле Инд. ПП Название Значение
Тип записи a
Библиографический уровень m
001 Контрольный номер RU/IS/BASE/334752514
005 Дата корректировки 20220708130812.4
040 b Код языка каталог. rus
041 0_ a Код языка текста rus
080 a Индекс УДК 004.42
084 a Индекс другой классификации/Индекс ББК 32.973.26-018.2
090 a Полочн. индекс 681.3
c Каталожный индекс 681.3.06
x Авторский знак К82
097 b Оператор 11
100 1_ a Автор Криницкий Н. А.
245 10 a Заглавие Равносильные преобразования алгоритмов и программирование
260 a Место издания М.
b Издательство Советское радио
c Дата издания 1970
300 a Объем 304 с.
b Иллюстрации/ тип воспроизводства черт.
510 a Примечание о ссылках Книги и методические пособия
650 a Основная рубрика 28.25 Теория конечных автоматов и формальных языков
x Основная подрубрика 28.25.23 Кибернетические аспекты структурно-логической теории алгоритмов и программирования
653 a Ключевые слова алгоритмы (выч. техника); программирование; цифровые вычислительные машины
901 t Тип документа m